000 00712nam a2200217 a 4500
001 6991
003 CO-ViMGA
008 141112s2004 ck r 000 u spa d
040 _aCO-ViMGA
_bspa
_cCO-ViMGA
082 0 4 _a618.92 G659i
100 1 _aGonzález Saldaña, Napoleón
_96025
245 1 0 _aInfectología clínica pediátrica /
_cGonzález Saldaña Napoleón , Torales Torales Andres Noe , Gómez Barreto Demóstenes
250 _a5a
260 _aMexico :
_bTrillas,
_c1993
300 _a885 p
650 1 4 _aENFERMEDADES INFANTILES
_952355
650 1 4 _aGómez Barreto, Demóstenes
_96026
650 1 4 _aPEDIATRIA - INFECTOLOGIA
_96027
650 1 4 _aTorales Torales, Andres Noe
_96028
942 _2ddc
_cBK
999 _c18958
_d18958